00462nam a2200121 a 450000500170000000800410001704000250005804100080008310000200009124501800011126000380029130000110032920160825170255.0140317b1993 fr |||||rm||| 00| 0 por d aCO-BoIAVHcCO-BoIAVH afre aGaviria, Sergio aEvolution mineralogique et geochimique du fer et de l'aluminium dans les sols ferrallitiques hydromorphes des Llanos Orientales de Colombiebles etats precoces du cuirassement as.l.bUniversite de Nancy Ic1993 a216 p.